000 00432nam a22001817a 4500
003 MPLRDC
005 20220104174756.0
008 210129b ||||| |||| 00| 0 eng d
020 _a967-9908-28-3
082 _a524.9591 HOW 1987
100 _aLIM BOON HOW
245 _aMIKRO EKONOMI STPM
_c
250 _a第六版
260 _a
_bEASTVIEW PRODUCTIONS
_c1987
300 _b
650 _a
942 _cBK
_o524.9591 HOW 1987
999 _c60030
_d60020